01242 am a2200337ua 450000100100000000500170001000800410002702000150006802000180008304000110010104100130011208200170012510000280014224000470017024500970021724600270031426000490034130000330039050000230042350000240044654600540047065000540052465000470057865300250062565500240065070000360067470000410071094200170075199900170076895201190078501006545520140302112501.0871007t1987 xxka gr 001 0 eng d a0566026643 a9780566026645 aUkcUk1 aenghfre04a658222bARC1 aArchier, Georges93501812aL'entreprise du troisième type.lEnglish14aThe type 3 company /cGeorges Archier and Hervé Sérieyx ; translated by Michael Johnson.33aThe type three company aAldershot, United Kingdom :bGower,cc.1987. axiv,123 p. :bill. ;c23 cm. aIncludes appendix. aIndex : p. 119-123. aTranslation of: L'entreprise du troisième type. 0aOrganizational effectiveness935021xCase studies 0aOrganizational change930975xCase studies bBUSADMcFebruary2014 vreading book9342321 aSérieyx, Hervé9350191 aJohnson, Michael935020etranslator. 2ddck658 ARC c18008d17980 00102ddc40708Donation-GaMAINbMAINc1STd2014-02-02eDonationl0o658 ARCp000035562r2025-07-15 00:00:00yBB